Hipertensiones secundarias en poblaciones especiales (menopausia, embarazo, obesidad y diabetes) / (Registro nro. 1018)

Detalles MARC
000 -LEADER
fixed length control field 01518nam a2200409 a 4500
008 - CAMPO DE CONTROL (LIBRO)
fixed length control field 111130s2001 sp ||||f |||| 001 0 spa d
041 ## - CODIGO DE IDIOMA
Código de idioma del texto/pista de sonido o título separado spa
092 ## - SIGNATURA TOPOGRAFICA DEWEY LOCAL
número de clasificación 616.132
libristica 3
sección ARA
100 1# - ENTRADA PRINCIPAL--NOMBRE PERSONAL
Nombre personal Aranda Lara, Pedro
Función Coord.
9 (RLIN) 1638
245 ## - TITULO PROPIAMENTE DICHO
Título Hipertensiones secundarias en poblaciones especiales (menopausia, embarazo, obesidad y diabetes) /
Mención de responsabilidad y remanente de la transcripción de la portada Pedro Aranda Lara
250 ## - MENCION DE EDICION
Mención de edición 1a ed.
260 ## - PIE DE IMPRENTA
Lugar de publicación, distribución, etc Madrid:
Nombre de la editorial, distribuidor, etc Doyma ; GlaxoSmithKline;
Fecha de publicación 2001.
300 ## - DESCRIPCION FISICA
Extension 125 p.
500 ## - NOTA GENERAL
Nota general Aranda Lara, P. (Coord.) et al. (2001). Hipertensiones secundarias en poblaciones especiales (menopausia, embarazo, obesidad, diabetes). (1a ed.). Madrid : Doyma ; GlaxoSmithKline.
590 ## - NOTAS LOCALES (RLIN)
Nota local Donación Dra. Natalia Fernández Noviembre 2011
653 ## - TÉRMINO INDIZADO - PALABRAS CLAVES
Palabra clave Hipertensión
653 ## - TÉRMINO INDIZADO - PALABRAS CLAVES
Palabra clave Poblaciones especiales
653 ## - TÉRMINO INDIZADO - PALABRAS CLAVES
Palabra clave Menopausia
653 ## - TÉRMINO INDIZADO - PALABRAS CLAVES
Palabra clave Embarazo
653 ## - TÉRMINO INDIZADO - PALABRAS CLAVES
Palabra clave Obesidad
653 ## - TÉRMINO INDIZADO - PALABRAS CLAVES
Palabra clave Diabetes
700 1# - ENTRADAS SECUNDARIAS - NOMBRE PERSONAL
Nombre personal Aranda Lara, Francisco Javier
9 (RLIN) 1639
700 1# - ENTRADAS SECUNDARIAS - NOMBRE PERSONAL
Nombre personal Aranda Granados, Pedro Javier
9 (RLIN) 1640
700 1# - ENTRADAS SECUNDARIAS - NOMBRE PERSONAL
Nombre personal Marín Iranzo, Rafael
9 (RLIN) 793
700 1# - ENTRADAS SECUNDARIAS - NOMBRE PERSONAL
Nombre personal Gorostidi Pérez, Manuel
9 (RLIN) 1641
700 1# - ENTRADAS SECUNDARIAS - NOMBRE PERSONAL
Nombre personal Rodilla Sala, Enrique
9 (RLIN) 1642
700 1# - ENTRADAS SECUNDARIAS - NOMBRE PERSONAL
Nombre personal García Ferrer, Luis
9 (RLIN) 1643
700 1# - ENTRADAS SECUNDARIAS - NOMBRE PERSONAL
Nombre personal Contell, Amparo Albert
9 (RLIN) 1644
700 1# - ENTRADAS SECUNDARIAS - NOMBRE PERSONAL
Nombre personal Gómez Belda, Ana
9 (RLIN) 1645
700 1# - ENTRADAS SECUNDARIAS - NOMBRE PERSONAL
Nombre personal Julve Pardo, Raúl
9 (RLIN) 1646
700 1# - ENTRADAS SECUNDARIAS - NOMBRE PERSONAL
Nombre personal Pascual Izuel, José María
9 (RLIN) 1647
700 1# - ENTRADAS SECUNDARIAS - NOMBRE PERSONAL
Nombre personal Lurbe, Empar
9 (RLIN) 1648
700 1# - ENTRADAS SECUNDARIAS - NOMBRE PERSONAL
Nombre personal Cia Gómez, Pedro
9 (RLIN) 1649
700 1# - ENTRADAS SECUNDARIAS - NOMBRE PERSONAL
Nombre personal Cia Blasco, Pedro
9 (RLIN) 1650
700 1# - ENTRADAS SECUNDARIAS - NOMBRE PERSONAL
Nombre personal Martínez Berganza, A.
9 (RLIN) 1651
942 ## - ADDED ENTRY ELEMENTS (KOHA)
Source of classification or shelving scheme Dewey Decimal Classification
Item type Libros
Existencias
Estado de retiro Existencia Fuente de clasificación Estado general No para prestamo Ubicación permanente ubicación actual Sala de ubicación Fecha de adquisición Total Checkouts Número de clasificación Código de barras Date last seen Número de ejemplar Price effective from Koha tipo de elemento (item)
    Dewey Decimal Classification     Biblioteca Medicina Biblioteca Medicina Circulación 30/11/2011   616.132 3 ARA 2475 06/11/2014 ej.1 30/11/2011 Libros

UNIVERSIDAD NACIONAL DEL COMAHUE
Biblioteca de la Facultad de Ciencias Médicas
Sede Toschi: Los Arrayanes y Av. Toschi, Cipolletti  - Rio Negro
Sede Los Tordos:  Yrigoyen al 2211, Cipolletti - Rio Negro 

Teléfono: 0299 - 4774707 int 25
Contacto: biblioteca@facimed.uncoma.edu.ar
© 2011 - 2026